Big Thief Songs- Sudden Death - Statistics

General Stats
  • This quiz has been taken 7 times
  • The average score is 6 of 14
Answers on the Grid
Answers color-coded by a green-red scale on the quiz's grid according to % correct below.
Promise is a Pendulum
Grace
Mother
Dried Roses
Real Men
Humans
Animals
Watering
Subject
Juniper
Jenni
Black Diamond
Shoulders
The Only Place
Indiana
Blue House
Lorriane
Coma
Randy
Mikey
The Toy
Real Questions
Candlelight
Two Fish
 
Answer Stats
Answer % Correct
Promise is a Pendulum
86%
Lorriane
71%
Shoulders
57%
The Toy
57%
Dried Roses
43%
The Only Place
43%
Animals
29%
Coma
29%
Humans
29%
Jenni
29%
Mother
29%
Randy
29%
Watering
29%
Black Diamond
14%
No matching quizzes found
Score Distribution
Percent of People with Each Score
Percentile by Number Answered
Your Score History
You have not taken this quiz